[Event "CRO-chT3B Center North"]
[Site "Croatia"]
[Date "2013.05.19"]
[Round "5.2"]
[White "Mihoci, Ivica"]
[Black "Bozic, Miljenko"]
[Result "1-0"]
[WhiteElo "2006"]
[BlackElo "2020"]
[PlyCount "76"]
[EventDate "2013.04.14"]
[EventType "team-tourn"]
[EventRounds "9"]
[EventCountry "CRO"]
[SourceTitle "EXT 2019"]
[Source "ChessBase"]
[SourceDate "2018.10.10"]
[SourceVersion "1"]
[SourceVersionDate "2018.10.10"]
[SourceQuality "1"]

1. d4 Nf6 2. c4 e6 3. Nc3 Bb4 4. e3 0-0 5. Nge2 b6 6. a3 Bxc3+ 7. Nxc3 Bb7 8. Bd3 d5 9. cxd5 exd5 10. 0-0 Ba6 11. Bxa6 Nxa6 12. Qd3 Nb8 13. Bd2 Re8 14. f3 a6 15. e4 c6 16. Bg5 h6 17. Bxf6 Qxf6 18. exd5 cxd5 19. Nxd5 Qd6 20. Nc3 Nc6 21. Rad1 b5 22. d5 Ne5 23. Qd4 f5 24. Rfe1 Rad8 25. Re2 Nc4 26. Rde1 Rxe2 27. Rxe2 Qb6 28. Qxb6 Nxb6 29. b3 Rd7 30. Rd2 Rc7 31. Rd3 Nd7 32. d6 Rc6 33. Nd5 Rc1+ 34. Kf2 Kf7 35. Re3 Nf6 36. Re7+ Kg6 37. d7 Rc2+ 38. Ke1 Nxd5 1-0

[Event "Podturen Mavrin Memorial"]
[Site "Podturen"]
[Date "2013.01.06"]
[Round "6"]
[White "Jaklin, Damir"]
[Black "Mihoci, Ivica"]
[Result "1/2-1/2"]
[WhiteElo "1878"]
[BlackElo "2042"]
[PlyCount "39"]
[EventDate "2013.01.03"]
[EventType "swiss"]
[EventRounds "7"]
[EventCountry "CRO"]
[SourceTitle "CBM 152 Extra"]
[Source "ChessBase"]
[SourceDate "2013.02.25"]
[SourceVersion "1"]
[SourceVersionDate "2013.02.25"]
[SourceQuality "1"]

1. d4 d5 2. c4 e6 3. Nc3 c5 4. cxd5 exd5 5. Nf3 Nc6 6. g3 Nf6 7. Bg2 Be7 8. 0-0 0-0 9. Bg5 c4 10. Ne5 Be6 11. Rc1 h6 12. Bxf6 Bxf6 13. Nxc6 bxc6 14. Na4 Qa5 15. b3 Rfd8 16. e3 cxb3 17. axb3 Rac8 18. Nc5 Qb6 19. Rc3 Be7 20. Qc2 1/2-1/2

[Event "Podturen Mavrin Memorial"]
[Site "Podturen"]
[Date "2013.01.06"]
[Round "7"]
[White "Mihoci, Ivica"]
[Black "Makovec, Bruno"]
[Result "1/2-1/2"]
[WhiteElo "2042"]
[BlackElo "1872"]
[PlyCount "113"]
[EventDate "2013.01.03"]
[EventType "swiss"]
[EventRounds "7"]
[EventCountry "CRO"]
[SourceTitle "CBM 152 Extra"]
[Source "ChessBase"]
[SourceDate "2013.02.25"]
[SourceVersion "1"]
[SourceVersionDate "2013.02.25"]
[SourceQuality "1"]

1. d4 Nf6 2. c4 e6 3. Nc3 Bb4 4. e3 c5 5. a3 Bxc3+ 6. bxc3 b6 7. Be2 Bb7 8. Bf3 Bxf3 9. Nxf3 d6 10. 0-0 0-0 11. a4 Nc6 12. Qc2 Qc7 13. e4 cxd4 14. cxd4 Na5 15. Nd2 Rfc8 16. Ba3 Nxc4 17. Qxc4 Qxc4 18. Nxc4 Rxc4 19. e5 dxe5 20. dxe5 Nd5 21. Bd6 Rac8 22. a5 b5 23. a6 b4 24. Ra5 Nc3 25. g3 b3 26. Ba3 Rb8 27. Bb2 Na4 28. Rb1 Nxb2 29. Rxb2 Rc2 30. Rb1 b2 31. Kg2 Rc1 32. Raa1 Rxb1 33. Rxb1 Rb3 34. Kf1 Kf8 35. Ke2 Ke8 36. Kd2 f6 37. exf6 gxf6 38. Kc2 Rb6 39. f4 Kf7 40. Kd3 f5 41. Kc3 Kg6 42. Rxb2 Rxa6 43. Kd4 Ra5 44. h3 h5 45. Rb8 Rd5+ 46. Ke3 a5 47. Re8 Kf7 48. Rh8 Rb5 49. Rxh5 Rb3+ 50. Kf2 a4 51. Rh8 a3 52. Ra8 Rb2+ 53. Kf3 Rb3+ 54. Kf2 Kf6 55. Ra6 Rb2+ 56. Kf3 a2 57. g4 1/2-1/2

[Event "Podturen Mavrin Memorial"]
[Site "Podturen"]
[Date "2013.01.04"]
[Round "2"]
[White "Mihoci, Ivica"]
[Black "Turk, Vesna"]
[Result "1-0"]
[WhiteElo "2042"]
[BlackElo "1715"]
[PlyCount "115"]
[EventDate "2013.01.03"]
[EventType "swiss"]
[EventRounds "7"]
[EventCountry "CRO"]
[SourceTitle "CBM 152 Extra"]
[Source "ChessBase"]
[SourceDate "2013.02.25"]
[SourceVersion "1"]
[SourceVersionDate "2013.02.25"]
[SourceQuality "1"]

1. d4 d5 2. c4 c6 3. Nf3 Nf6 4. Nc3 dxc4 5. a4 Bf5 6. Ne5 e6 7. f3 Bb4 8. e4 Bxe4 9. fxe4 Nxe4 10. Bd2 Qxd4 11. Nxe4 Qxe4+ 12. Qe2 Bxd2+ 13. Kxd2 Qd4+ 14. Kc2 Na6 15. Nxc4 0-0 16. Rd1 Qc5 17. Qe5 Nb4+ 18. Kb3 Nd5 19. Qd6 Qf2 20. Rd2 Qe1 21. Qg3 Qc1 22. Rc2 Qd1 23. Qd3 Qe1 24. Qd2 Qh4 25. g3 Qe7 26. Bg2 b5 27. axb5 Rab8 28. b6 axb6 29. Bxd5 cxd5 30. Ne5 Rbc8 31. Rxc8 Rxc8 32. Rc1 Rc5 33. Qb4 Qc7 34. Rxc5 bxc5 35. Qb5 g6 36. Qe8+ Kg7 37. Nd7 c4+ 38. Kc2 Kh6 39. Qxf7 d4 40. Qf8+ Kg5 41. Qe7+ Kh6 42. Qh4+ Kg7 43. Qxd4+ Kh6 44. Qh4+ Kg7 45. Qf6+ Kh6 46. Qxe6 Qb7 47. Qe3+ Kg7 48. Qe7+ Kh6 49. Qf8+ Kh5 50. Nf6+ Kg5 51. Nxh7+ Kg4 52. Qf4+ Kh3 53. Ng5+ Kxh2 54. g4+ Kg1 55. Qg3+ Kf1 56. Qf3+ Qxf3 57. Nxf3 Kf2 58. Ne5 1-0